More water for arid land : promising technologies and research opportunities.

Guardado en:
Formato: Libro
Idioma:English
Publicado: Washington : National Academy of Sciences, 1974.
Acceso en línea:Texto completo
Etiquetas: Agregar Etiqueta
Sin Etiquetas, Sea el primero en etiquetar este registro!
LEADER 00675nam a22001695a 4500
001 EEA.libagro005509
005 20161014101510.0
008 130809s1974####xxua##########000#0#eng#d
082 0 4 |a 333.736 
082 0 4 |a 631.587 
082 0 4 |a 627.52 
245 1 0 |a More water for arid land :  |b promising technologies and research opportunities. 
260 |a Washington :  |b National Academy of Sciences,  |c 1974. 
300 |a 153 p. :  |b il. ;  |c 23 cm. 
530 |a Disponible también en línea. 
856 |u https://ia800303.us.archive.org/13/items/fa%5FMore%5FWater%5Ffor%5FArid%5FLands/More%5FWater%5Ffor%5FArid%5FLands.pdf  |3 Texto completo 
859 |a AR-BbBCA  |b BIB. AGRONOMIA  |h 333.736  |i N277  |p 1997/2823